000 00858nam0a22002411 4500
001 rc\3210349
005 20260408074655.0
035 _a(NLR Aleph) 007358496
090 _a6283122
_c6283122
100 _a20130115d1976 |||y0rusy50 ca
101 0 _arus
102 _aRU
105 _ay z |||||
200 1 _aПоложения об управлениях и отделах
210 _aМосква
_cМосоргстройматериалы
_d1976
215 _a79 с.
_d22
333 _aДСП. Экз. № 4
710 0 2 _aМосковское главное управление промышленности строительных материалов и строительных деталей
_3RU\NLR\AUTH\8810066067
_9633759
801 0 _aRU
_bNLR
_gpsbo
801 1 _aRU
_bELAR
_2rusmarc
852 _aNLR
_j76-50К/2054
942 _cBOOK
980 _aNB